कळस चढविला मंदिरी (Record no. 407082)

MARC details
000 -LEADER
fixed length control field 00487nam a2200145Ia 4500
008 - FIXED-LENGTH DATA ELEMENTS--GENERAL INFORMATION
fixed length control field 100122s9999 xx 000 0 und d
082 ## - DEWEY DECIMAL CLASSIFICATION NUMBER
Item number 17320
Classification number 823
100 ## - MAIN ENTRY--PERSONAL NAME
Personal name बेलवलकर वासुदेव
245 ## - TITLE STATEMENT
Title कळस चढविला मंदिरी
260 ## - PUBLICATION, DISTRIBUTION, ETC. (IMPRINT)
Name of publisher, distributor, etc संजय प्रकाशन
Date of publication, distribution, etc 1971
300 ## - PHYSICAL DESCRIPTION
Extent 519
630 ## - SUBJECT ADDED ENTRY--UNIFORM TITLE
Uniform title कळस चढविला मंदिरी
730 ## - ADDED ENTRY--UNIFORM TITLE
Uniform title कळस चढविला मंदिरी
942 ## - ADDED ENTRY ELEMENTS (KOHA)
Koha item type Book
Holdings
Withdrawn status Lost status Damaged status Not for loan Home library Current library Date acquired Cost, normal purchase price Total Checkouts Full call number Barcode Date last seen Cost, replacement price Price effective from Koha item type Public note
        S.V. Pathak Library, Vile Parle S.V. Pathak Library, Vile Parle 09/30/1971 25.00   17320 SVPPARLE-17320 01/25/2010 25.00 01/25/2010 Book 7)रद्द General Cancelled